000 00524nam a2200205Ia 4500
001 11735
003 GE_BSU
008 181216s||||||||xx |||||||||||||| ||und||
040 _cGE_BSU
245 _aТурбизнес №8 2014.
245 _bTravel trade russia
245 _cГл.ред.Елена Борисова
260 _aМосква
260 _c2014
300 _a64стр.28см.
653 _aПериодика
653 _aТурбизнес
653 _aპერიოდიკა
942 _cCR
999 _c44915
_d44915